Les departements les plus froids en 2019 - Statistiques

Statistiques générales
  • Ce quiz a été pris 99 fois
  • Le résultat moyen est 8 sur 18
Statistiques - réponses
temperature département % Correct
-10 °C Hautes-Alpes
83%
-10 °C Isère
75%
-10 °C Alpes-de-Haute-Provence
69%
-10 °C Alpes-Maritimes
62%
-11 °C Lozère
54%
-11 °C Aveyron
52%
-10 °C Drôme
51%
-10 °C Allier
46%
-10 °C Indre
45%
-10 °C Loiret
43%
-10 °C Cher
41%
-11 °C Gard
40%
-11 °C Hérault
32%
-10 °C Loir-et-Cher
28%
-10 °C Dordogne
27%
-10 °C Lot-et-Garonne
27%
-10 °C Gironde
24%
-10 °C Charente-Maritime
16%
Aucun quiz correspondant
Distribution des résultats
% des personnes avec chaque résultat
Percentile par nombre de réponses
Votre historique - résultats
Vous n’avez pas pris ce quiz